000 005070000a22001570004500
003 MACL
005 20170926131355.0
008 170926b xxu||||| |||| 00| 0 eng d
040 _cmacl
100 _aकेलकर,रविन्‍द्र
_969229
245 _aपतझर मे टूटी पतियां
260 _bभारतीय ज्ञानपीठ
_c2005
_aदिल्‍ली
350 _a75
650 _aसाहित्‍य
_969230
942 _cHIN
_k800/KEL/L
_2ddc
999 _c12402
_d12402